[Event "Canadian zt"]
[Site "Toronto"]
[Date "2024.04.01"]
[Round "9"]
[White "Lin, Leo"]
[Black "Marchand, Calix"]
[Result "0-1"]
[WhiteElo "2153"]
[BlackElo "1942"]
[PlyCount "122"]
[EventDate "2024.03.27"]
[EventType "team-swiss"]
[EventRounds "10"]
[EventCountry "CAN"]
[SourceTitle "CB15_2024"]
[SourceDate "2024.04.10"]
[SourceVersion "1"]
[SourceVersionDate "2024.04.10"]
[SourceQuality "1"]

1. e4 c5 2. Nf3 e6 3. c3 d5 4. exd5 Qxd5 5. d4 Nf6 6. Na3 Nc6 7. Be3 cxd4 8. Nb5 Qd8 9. Nbxd4 Nd5 10. Nxc6 bxc6 11. Be2 Bd6 12. c4 Nf6 13. Qc2 c5 14. Bd3 Bb7 15. 0-0 Bxf3 16. gxf3 Nd7 17. Be4 Qh4 18. f4 Rd8 19. Qd3 Bxf4 20. Bxf4 Qxf4 21. Rad1 h6 22. Kh1 0-0 23. f3 f5 24. Bb7 Nb6 25. Qxd8 Rxd8 26. Rxd8+ Kf7 27. Ba6 Nxc4 28. Rd7+ Kf6 29. Bxc4 Qxc4 30. Rg1 Qe2 31. Rdxg7 Qxf3+ 32. R7g2 Qd5 33. a3 e5 34. Rc1 f4 35. Kg1 Qd4+ 36. Kh1 f3 37. Rgc2 Qe4 38. Rc4 Qb7 39. Rxc5 Qxb2 40. R5c2 Qb7 41. Rc7 Qe4 42. R7c4 Qf5 43. a4 Qh3 44. R4c2 e4 45. Kg1 Ke5 46. a5 Kf4 47. a6 Qe6 48. Kh1 Qxa6 49. Rc6 Qa2 50. R6c2 Qg8 51. Rg1 Qd5 52. Rgc1 Qd4 53. Rc4 Qg7 54. R4c2 a5 55. Ra2 a4 56. Rg1 Qd4 57. Rga1 Qc3 58. Ra3 Qg7 59. R3a2 a3 60. Rg1 Qb7 61. Rxa3 f2 0-1

[Event "Canadian zt"]
[Site "Toronto"]
[Date "2024.03.30"]
[Round "6"]
[White "Kang, Dorian"]
[Black "Lin, Leo"]
[Result "1-0"]
[WhiteElo "2102"]
[BlackElo "2153"]
[PlyCount "99"]
[EventDate "2024.03.27"]
[EventType "team-swiss"]
[EventRounds "10"]
[EventCountry "CAN"]
[SourceTitle "CB15_2024"]
[SourceDate "2024.04.10"]
[SourceVersion "1"]
[SourceVersionDate "2024.04.10"]
[SourceQuality "1"]

1. e4 c5 2. Nf3 d6 3. d4 cxd4 4. Nxd4 Nf6 5. f3 e5 6. Nb3 d5 7. Bg5 d4 8. c3 Nc6 9. cxd4 Bb4+ 10. Bd2 Nxe4 11. Bxb4 Qh4+ 12. g3 Nxg3 13. hxg3 Qxg3+ 14. Kd2 Qf4+ 15. Kc3 Qe3+ 16. Qd3 exd4+ 17. Nxd4 Qc1+ 18. Nc2 Nxb4 19. Qe4+ Kd8 20. Qxb4 Qg5 21. Qh4 Qxh4 22. Rxh4 Be6 23. Bh3 Rc8+ 24. Kd2 Ke7 25. Bxe6 Rhd8+ 26. Rd4 Rxc2+ 27. Kxc2 Rxd4 28. Bb3 a5 29. a4 h5 30. Nd2 f5 31. Nc4 g5 32. Ne3 Kf6 33. f4 gxf4 34. Nd5+ Ke5 35. Re1+ Re4 36. Kd2 f3 37. Rxe4+ fxe4 38. Ke3 h4 39. Nc3 f2 40. Bc4 h3 41. Nxe4 f1Q 42. Bxf1 h2 43. Nf2 Kd5 44. b3 Kc5 45. Nd3+ Kc6 46. Bg2+ Kc7 47. Kd4 Kb8 48. Kc5 Ka7 49. Kb5 b6 50. Ne5 1-0

[Event "Canadian zt"]
[Site "Toronto"]
[Date "2024.03.29"]
[Round "4"]
[White "Saha, Ananda"]
[Black "Lin, Leo"]
[Result "1-0"]
[WhiteElo "2022"]
[BlackElo "2153"]
[PlyCount "83"]
[EventDate "2024.03.27"]
[EventType "team-swiss"]
[EventRounds "10"]
[EventCountry "CAN"]
[SourceTitle "CB15_2024"]
[SourceDate "2024.04.10"]
[SourceVersion "1"]
[SourceVersionDate "2024.04.10"]
[SourceQuality "1"]

1. Nf3 Nf6 2. g3 g6 3. Bg2 Bg7 4. 0-0 0-0 5. d3 d5 6. Nbd2 c5 7. e4 Nc6 8. Re1 e5 9. exd5 Nxd5 10. Nc4 Re8 11. a4 f6 12. a5 Be6 13. Nfd2 Qc7 14. Ne4 b6 15. Ned6 Red8 16. Nb5 Qb7 17. axb6 axb6 18. Rxa8 Rxa8 19. Bd2 Rd8 20. f4 Qb8 21. fxe5 fxe5 22. Bg5 Rd7 23. Qe2 Bf7 24. Bh3 Rb7 25. Nbd6 Ra7 26. Nxf7 Nd4 27. Qe4 Rxf7 28. Qxd5 Nf3+ 29. Kh1 Nxg5 30. Nd6 Qd8 31. Rf1 Bf6 32. Be6 Nxe6 33. Qxe6 Qd7 34. Qxd7 Rxd7 35. Rxf6 Ra7 36. Nc4 Ra1+ 37. Kg2 b5 38. Nxe5 Ra2 39. Rf2 Rxb2 40. c4 Rxf2+ 41. Kxf2 b4 42. Ke2 1-0

[Event "Montreal Pere Noel op"]
[Site "Montreal"]
[Date "2023.12.29"]
[Round "3"]
[White "Druska, Juraj"]
[Black "Lin, Leo"]
[Result "1-0"]
[WhiteElo "2468"]
[BlackElo "2099"]
[PlyCount "127"]
[EventDate "2023.12.27"]
[EventType "swiss"]
[EventRounds "5"]
[EventCountry "CAN"]
[SourceTitle "CB02_2024"]
[SourceDate "2024.01.10"]
[SourceVersion "1"]
[SourceVersionDate "2024.01.10"]
[SourceQuality "1"]

1. e4 c5 2. Nf3 d6 3. d4 cxd4 4. Nxd4 Nf6 5. Nc3 Nc6 6. Bb5 Bd7 7. Be3 e5 8. Nb3 Be7 9. f3 Be6 10. Nd5 0-0 11. Qd2 Bxd5 12. exd5 Nb8 13. 0-0 Nbd7 14. Be2 a5 15. a4 Nb6 16. c4 Nbd7 17. Rae1 b6 18. Nc1 Nc5 19. Bd1 Nfd7 20. Ne2 f5 21. g3 Bf6 22. Bc2 g6 23. Kg2 Re8 24. Nc3 Na6 25. Nb5 Ndc5 26. Re2 Nb4 27. b3 Qd7 28. Rfe1 Re7 29. Bh6 Rae8 30. h4 f4 31. Nc3 fxg3 32. Ne4 Nxe4 33. Bxe4 Bxh4 34. Rh1 Bf6 35. Be3 Rb8 36. Kxg3 Na6 37. Reh2 Nc5 38. Qc2 Nxe4+ 39. Qxe4 Rf7 40. Bh6 Qe7 41. Qg4 Re8 42. Be3 Rb8 43. Kf2 e4 44. f4 Rbf8 45. Ke2 Bh8 46. Qxg6+ Rg7 47. Rxh7 Rxg6 48. Rxe7 Bg7 49. Rh2 Bh6 50. Rxe4 Bg7 51. Re7 Rb8 52. Kf3 Kf8 53. Rd7 Re8 54. Rh5 Bc3 55. Rf5+ Kg8 56. Rg5 Rxg5 57. fxg5 Bb4 58. Bxb6 Re1 59. g6 Rd1 60. Be3 Rf1+ 61. Ke2 Rf8 62. Bd4 Re8+ 63. Kd3 Bc5 64. Bf6 1-0

[Event "Wch U14"]
[Site "Montesilvano"]
[Date "2023.11.23"]
[Round "10"]
[White "Lin, Leo"]
[Black "Lissillour, Baptiste"]
[Result "1-0"]
[WhiteElo "2097"]
[BlackElo "2298"]
[PlyCount "47"]
[EventDate "2023.11.13"]
[EventType "swiss"]
[EventRounds "11"]
[EventCountry "ITA"]
[SourceTitle "CB48_2023"]
[SourceDate "2023.11.29"]
[SourceVersion "1"]
[SourceVersionDate "2023.11.29"]
[SourceQuality "1"]

1. e4 c5 2. c3 d5 3. exd5 Nf6 4. c4 e6 5. dxe6 Bxe6 6. Nf3 Qe7 7. Be2 Bxc4 8. d3 Be6 9. 0-0 Nc6 10. Nc3 Qc7 11. Nb5 Qd7 12. Bf4 Rc8 13. Ng5 Bf5 14. Bh5 Nxh5 15. Qxh5 Bg6 16. Qe2+ Kd8 17. Rad1 a6 18. d4 c4 19. d5 Nb4 20. Ne6+ fxe6 21. dxe6 Qd3 22. Qe5 Rc6 23. Rxd3+ cxd3 24. Bg5+ 1-0

[Event "Wch U14"]
[Site "Montesilvano"]
[Date "2023.11.17"]
[Round "5"]
[White "Tabuenca Mendataurigoitia, Daniel"]
[Black "Lin, Leo"]
[Result "1-0"]
[WhiteElo "2383"]
[BlackElo "2097"]
[PlyCount "61"]
[EventDate "2023.11.13"]
[EventType "swiss"]
[EventRounds "11"]
[EventCountry "ITA"]
[SourceTitle "CB48_2023"]
[SourceDate "2023.11.29"]
[SourceVersion "1"]
[SourceVersionDate "2023.11.29"]
[SourceQuality "1"]

1. e4 c5 2. Nf3 d6 3. Bb5+ Nd7 4. Ba4 Ngf6 5. 0-0 a6 6. c4 e6 7. Nc3 Be7 8. d4 cxd4 9. Qxd4 0-0 10. Rd1 Qc7 11. Bxd7 Bxd7 12. Bf4 Bc6 13. Bxd6 Bxd6 14. Qxd6 Qxd6 15. Rxd6 Bxe4 16. Ne5 Rac8 17. Rad1 Bc2 18. R1d2 Bf5 19. f3 h5 20. Na4 Rfe8 21. b4 Re7 22. Nb6 Rcc7 23. Rd8+ Re8 24. Rxe8+ Nxe8 25. Rd8 Kf8 26. Na8 Ke7 27. Rb8 f6 28. Nxc7 Nxc7 29. Rxb7 Kd6 30. c5+ Kxe5 31. Rxc7 1-0

[Event "Canadian-ch op"]
[Site "Hamilton"]
[Date "2022.07.13"]
[Round "3"]
[White "Lin, Leo"]
[Black "Hambleton, Aman"]
[Result "0-1"]
[WhiteElo "1925"]
[BlackElo "2454"]
[PlyCount "104"]
[EventDate "2022.07.12"]
[EventType "swiss"]
[EventRounds "9"]
[EventCountry "CAN"]
[SourceTitle "CBM 209 Extra"]
[Source "ChessBase"]
[SourceDate "2022.09.30"]
[SourceVersion "1"]
[SourceVersionDate "2022.09.30"]
[SourceQuality "1"]

1. e4 c5 2. Nc3 e6 3. g3 d5 4. exd5 exd5 5. Bg2 Nf6 6. d3 Be7 7. Nge2 d4 8. Ne4 Nxe4 9. Bxe4 Nd7 10. 0-0 0-0 11. Re1 Nf6 12. Bg2 Bd6 13. Bf4 Bg4 14. Qd2 Re8 15. Bxd6 Qxd6 16. Nf4 g5 17. Nd5 h6 18. Nxf6+ Qxf6 19. Bxb7 Rxe1+ 20. Rxe1 Rb8 21. Bd5 Rxb2 22. h3 Bxh3 23. Qe2 Be6 24. Bb3 Qf5 25. Qd1 Bd5 26. Qe2 Bxb3 27. axb3 Ra2 28. Kg2 Qd5+ 29. Kh2 Kg7 30. Qd1 Ra6 31. Re7 Rf6 32. Qe2 Re6 33. Rxe6 Qxe6 34. Qf3 Qf6 35. Qe2 Qe6 36. Qf3 Qf6 37. Qe2 h5 38. Kg1 Kh6 39. Qe4 h4 40. Qa8 hxg3 41. fxg3 Qe5 42. Kg2 Qe2+ 43. Kg1 Kh5 44. Qc8 Qe6 45. Qxc5 Qe3+ 46. Kg2 Kg4 47. Qd6 Qf3+ 48. Kh2 Qf2+ 49. Kh1 Qf1+ 50. Kh2 Qh3+ 51. Kg1 Qxg3+ 52. Qxg3+ Kxg3 0-1

[Event "Toronto Ontario op"]
[Site "Toronto"]
[Date "2022.05.22"]
[Round "3"]
[White "Lin, Leo"]
[Black "Li, William"]
[Result "0-1"]
[WhiteElo "1896"]
[BlackElo "2154"]
[PlyCount "96"]
[EventDate "2022.05.21"]
[EventType "swiss"]
[EventRounds "6"]
[EventCountry "CAN"]
[SourceTitle "CBM 209 Extra"]
[Source "ChessBase"]
[SourceDate "2022.09.30"]
[SourceVersion "1"]
[SourceVersionDate "2022.09.30"]
[SourceQuality "1"]

1. e4 c5 2. Nc3 Nc6 3. Bb5 Nd4 4. Bc4 e6 5. Nf3 Nf6 6. 0-0 Qc7 7. d3 a6 8. a4 Bd6 9. h3 0-0 10. Bg5 h6 11. Be3 Nxf3+ 12. Qxf3 Bh2+ 13. Kh1 Be5 14. a5 d6 15. Na4 Nd7 16. c3 b5 17. axb6 Nxb6 18. Nxb6 Qxb6 19. Rfc1 Bd7 20. b4 Bb5 21. Rab1 Bxc4 22. dxc4 Rfb8 23. Qg4 Kh8 24. Qh5 Qb7 25. f3 a5 26. b5 a4 27. Ra1 a3 28. Rc2 Ra4 29. Bxc5 Rxc4 30. Bxa3 Qxb5 31. Rb2 Qe8 32. Rxb8 Qxb8 33. Qxf7 Rxc3 34. f4 Rc7 35. Qxc7 Qxc7 36. fxe5 Qc3 37. Ra2 Qxe5 38. Rc2 Qa1+ 39. Bc1 Qa4 40. Rc8+ Kh7 41. e5 d5 42. Bb2 Qb3 43. Bc3 Qc2 44. Rc5 Qc1+ 45. Kh2 d4 46. Bb4 Qf4+ 47. Kh1 d3 48. Ba5 d2 0-1

[Event "Toronto Ontario op"]
[Site "Toronto"]
[Date "2022.05.21"]
[Round "2"]
[White "Plotkin, Mark"]
[Black "Lin, Leo"]
[Result "1-0"]
[WhiteElo "2350"]
[BlackElo "1896"]
[PlyCount "59"]
[EventDate "2022.05.21"]
[EventType "swiss"]
[EventRounds "6"]
[EventCountry "CAN"]
[SourceTitle "CBM 209 Extra"]
[Source "ChessBase"]
[SourceDate "2022.09.30"]
[SourceVersion "1"]
[SourceVersionDate "2022.09.30"]
[SourceQuality "1"]

1. Nc3 d5 2. d4 Nf6 3. Bf4 Bf5 4. f3 e6 5. g4 Bg6 6. h4 h5 7. g5 Nfd7 8. e4 c6 9. Bd3 Qb6 10. Nge2 Na6 11. a3 Be7 12. exd5 exd5 13. Bxg6 fxg6 14. Qd3 0-0-0 15. 0-0-0 Nf8 16. Be5 Rg8 17. Nf4 Bd6 18. Rhe1 Bxe5 19. Rxe5 Nd7 20. Re7 Qc7 21. Ne6 Qd6 22. Nxd8 Qxe7 23. Nxc6 Qf7 24. Nxd5 Re8 25. Qxg6 Qxg6 26. Nce7+ Kd8 27. Nxg6 Nc7 28. Nxc7 Kxc7 29. Nf4 Rf8 30. Ne6+ 1-0

[Event "Banff op"]
[Site "Banff"]
[Date "2021.11.14"]
[Round "5"]
[White "Xu, Eddie"]
[Black "Lin, Leo"]
[Result "1-0"]
[WhiteElo "1904"]
[BlackElo "1650"]
[PlyCount "111"]
[EventDate "2021.11.12"]
[EventType "swiss"]
[EventRounds "6"]
[EventCountry "CAN"]
[SourceTitle "CBM 205 Extra"]
[Source "ChessBase"]
[SourceDate "2022.01.31"]
[SourceVersion "1"]
[SourceVersionDate "2022.01.31"]
[SourceQuality "1"]

1. d4 d5 2. c4 c6 3. Nc3 Nf6 4. Nf3 dxc4 5. a4 Bf5 6. Ne5 Nbd7 7. Nxc4 e6 8. f3 Bb4 9. e4 Nxe4 10. fxe4 Qh4+ 11. Kd2 Bxe4 12. Qe1 Qg4 13. Qxe4 Qxe4 14. Nd6+ Bxd6 15. Nxe4 Bb4+ 16. Kc2 Rd8 17. Bg5 f6 18. Bd2 Bxd2 19. Nxd2 Nb6 20. Nb3 Rd6 21. Be2 Ke7 22. Bf3 Rhd8 23. Rhe1 Kf7 24. a5 Nc8 25. Re2 Ne7 26. Rae1 b6 27. Bh5+ g6 28. Bg4 f5 29. Bf3 Ng8 30. Kb1 Nf6 31. Rc1 Rc8 32. Rec2 Nd5 33. Bxd5 exd5 34. h4 Re6 35. Nd2 h6 36. Nf3 Kg7 37. axb6 axb6 38. b4 Kf6 39. b5 c5 40. dxc5 bxc5 41. Rxc5 Rb8 42. Rxd5 Reb6 43. Nd4 R8b7 44. h5 gxh5 45. Rxf5+ Kg6 46. Rcc5 h4 47. Nf3 Re6 48. Nxh4+ Kg7 49. Rfe5 Rf6 50. Nf5+ Kf7 51. Red5 Rbb6 52. Rd7+ Ke8 53. Rh7 Kd8 54. Kc2 Rg6 55. Rd5+ Kc8 56. Ne7+ 1-0

[Event "Banff op"]
[Site "Banff"]
[Date "2021.11.12"]
[Round "2"]
[White "Cater, Brendan"]
[Black "Lin, Leo"]
[Result "0-1"]
[WhiteElo "1607"]
[BlackElo "1650"]
[PlyCount "190"]
[EventDate "2021.11.12"]
[EventType "swiss"]
[EventRounds "6"]
[EventCountry "CAN"]
[SourceTitle "CBM 205 Extra"]
[Source "ChessBase"]
[SourceDate "2022.01.31"]
[SourceVersion "1"]
[SourceVersionDate "2022.01.31"]
[SourceQuality "1"]

1. d4 d5 2. Nf3 Nf6 3. e3 Bf5 4. c4 c6 5. Nbd2 e6 6. Qb3 Qb6 7. Be2 Nbd7 8. 0-0 Be7 9. Re1 0-0 10. Nh4 Be4 11. f3 Bg6 12. Nxg6 hxg6 13. Qxb6 axb6 14. cxd5 cxd5 15. f4 Rfc8 16. Bd3 Bb4 17. Re2 Rc7 18. a3 Bxd2 19. Bxd2 Ne4 20. Bxe4 dxe4 21. Bb4 Nf6 22. Rd1 Nd5 23. Be1 Rac8 24. Kf2 f5 25. h3 Rc1 26. Red2 Rxd1 27. Rxd1 Rc2+ 28. Rd2 Rc1 29. Re2 Kf7 30. Bd2 Rb1 31. Be1 Ke7 32. Rc2 Kd7 33. Bd2 b5 34. Ba5 b6 35. Bd2 Ne7 36. Bc1 Nc6 37. Bd2 Nd8 38. Bb4 Nf7 39. Bf8 Nd8 40. Bxg7 Nb7 41. Bf8 Na5 42. Bb4 Nc4 43. Bc3 Kd6 44. Re2 Kd5 45. Rc2 Rd1 46. Ke2 Rg1 47. Be1 Rxg2+ 48. Bf2 Rh2 49. h4 Rh1 50. b3 Nxa3 51. Rc8 Nb1 52. Rd8+ Kc6 53. Rc8+ Kd7 54. Rc2 b4 55. Be1 Na3 56. Rc1 Nb5 57. Rc2 Nc7 58. Bxb4 Nd5 59. Bd2 Rh2+ 60. Kd1 Rxh4 61. Ke2 Rh2+ 62. Kd1 Rh1+ 63. Ke2 Rb1 64. b4 Nxb4 65. Bxb4 Rxb4 66. Kd2 b5 67. Rc5 Rb2+ 68. Ke1 b4 69. d5 b3 70. dxe6+ Kxe6 71. Rb5 Kf6 72. Kd1 Kg7 73. Kc1 Rc2+ 74. Kd1 Rc3 75. Ke2 Kh6 76. Rb6 Kh5 77. Kd2 Rd3+ 78. Ke2 g5 79. fxg5 Kxg5 80. Rb8 Kf6 81. Rb5 Ke6 82. Kf2 Rd2+ 83. Ke1 Rb2 84. Kd1 Rb1+ 85. Kd2 b2 86. Kc3 Re1 87. Kxb2 Rxe3 88. Kc2 Rd3 89. Ra5 Rd5 90. Ra8 f4 91. Rf8 Ke5 92. Kc3 e3 93. Kc4 Rd1 94. Kc3 Ke4 95. Kc2 Rd7 0-1

[Event "PNWCC Super G60 Apr Gp2"]
[Site "Chess.com INT"]
[Date "2021.04.25"]
[Round "5"]
[White "Lin, Leo"]
[Black "Katz, Stewart"]
[Result "1-0"]
[WhiteElo "1650"]
[BlackElo "1684"]
[PlyCount "81"]
[EventDate "2021.04.24"]
[EventType "swiss"]
[EventRounds "6"]
[EventCountry "USA"]
[SourceTitle "CBM 202 Extra"]
[Source "ChessBase"]
[SourceDate "2021.07.31"]
[SourceVersion "1"]
[SourceVersionDate "2021.07.31"]
[SourceQuality "1"]

1. d4 d5 2. Bf4 Nf6 3. e3 c6 4. Bd3 e6 5. Nf3 Nbd7 6. c3 Be7 7. Nbd2 Nh5 8. Bg3 Ndf6 9. Qe2 Nxg3 10. hxg3 Bd7 11. Ne5 Qc7 12. g4 g6 13. Qf3 Rf8 14. g5 Nh5 15. g4 Bxg5 16. gxh5 0-0-0 17. Qg3 f6 18. Nxd7 Qxg3 19. fxg3 Rxd7 20. hxg6 hxg6 21. Ke2 f5 22. Nf3 Bf6 23. Rh6 Rg7 24. Rah1 Kd8 25. Ne5 Bxe5 26. dxe5 Ke7 27. Rh8 Kf7 28. g4 Rxh8 29. Rxh8 Rg8 30. Rxg8 Kxg8 31. gxf5 gxf5 32. Kf3 Kg7 33. Kf4 Kg6 34. c4 b6 35. cxd5 cxd5 36. Bb5 Kf7 37. Kg5 Ke7 38. Kg6 a5 39. a4 d4 40. exd4 f4 41. Be2 1-0

[Event "PNWCC Super G60 Apr Gp2"]
[Site "Chess.com INT"]
[Date "2021.04.24"]
[Round "1"]
[White "Lin, Leo"]
[Black "Maltsevskaya, Aleksandra"]
[Result "0-1"]
[WhiteElo "1650"]
[BlackElo "2331"]
[PlyCount "128"]
[EventDate "2021.04.24"]
[EventType "swiss"]
[EventRounds "6"]
[EventCountry "USA"]
[SourceTitle "CBM 202 Extra"]
[Source "ChessBase"]
[SourceDate "2021.07.31"]
[SourceVersion "1"]
[SourceVersionDate "2021.07.31"]
[SourceQuality "1"]

1. d4 Nf6 2. Bf4 d6 3. Nc3 g6 4. e4 Nc6 5. Nf3 Bg7 6. Qd2 0-0 7. 0-0-0 a6 8. Bh6 b5 9. Bd3 Bg4 10. Bxg7 Kxg7 11. d5 Bxf3 12. gxf3 Nd4 13. Qe3 c5 14. dxc6 Nxc6 15. f4 b4 16. Nd5 Qa5 17. Kb1 Rab8 18. Bc4 Qc5 19. Qxc5 dxc5 20. Nxf6 Kxf6 21. Bxa6 Nd4 22. Bc4 e5 23. fxe5+ Kxe5 24. Rhe1 f6 25. Rd3 Rfd8 26. Bd5 f5 27. Bc4 fxe4 28. Rde3 Kf5 29. Rxe4 Nf3 30. Be6+ Kg5 31. Rg4+ Kh5 32. Rh1 Rb6 33. Rg3 Nd2+ 34. Kc1 Rxe6 35. Rh3+ Kg5 36. Rg1+ Kf6 37. Rxh7 Nf3 38. Rf1 Rde8 39. b3 Re1+ 40. Rxe1 Rxe1+ 41. Kb2 Re2 42. Rc7 Ne1 43. Rc6+ Kg7 44. a4 Rxc2+ 45. Kb1 Rc3 46. Ka2 Nd3 47. a5 Nc1+ 48. Kb2 Nxb3 49. a6 Nd4 50. a7 Rb3+ 51. Kc1 Ra3 52. Rc7+ Kh6 53. Kb2 Ne6 54. Rc6 Nf4 55. Rc7 Nd3+ 56. Kc2 Nxf2 57. Rxc5 Rxa7 58. Rb5 Rc7+ 59. Kb3 Nd3 60. Rd5 Rc3+ 61. Ka2 b3+ 62. Ka3 b2+ 63. Ka2 Ra3+ 64. Kxa3 b1Q 0-1

[Event "PNWCC Super G60 Mar Gp2"]
[Site "Chess.com INT"]
[Date "2021.03.28"]
[Round "4"]
[White "Lin, Leo"]
[Black "Leiva Rodriguez, Jeammarco Giuseppe"]
[Result "0-1"]
[WhiteElo "1650"]
[BlackElo "2391"]
[PlyCount "60"]
[EventDate "2021.03.27"]
[EventType "swiss (rapid)"]
[EventRounds "6"]
[EventCountry "USA"]
[SourceTitle "CBM 201 Extra"]
[Source "ChessBase"]
[SourceDate "2021.05.31"]
[SourceVersion "1"]
[SourceVersionDate "2021.05.31"]
[SourceQuality "1"]

1. d4 Nf6 2. Bf4 g6 3. Nc3 Bg7 4. e4 d6 5. Qd2 c6 6. 0-0-0 b5 7. f3 Nbd7 8. Bh6 Bxh6 9. Qxh6 e5 10. dxe5 dxe5 11. g4 Qe7 12. h4 Nc5 13. h5 Be6 14. hxg6 fxg6 15. Kb1 Nfd7 16. Nh3 0-0-0 17. Qe3 Nb6 18. Be2 Rxd1+ 19. Rxd1 b4 20. Ng5 bxc3 21. Nxe6 Nxe6 22. Qxc3 Qc5 23. Qb3 Nd4 24. Ba6+ Kb8 25. Qd3 Rd8 26. Rd2 Ne6 27. Qxd8+ Nxd8 28. Rxd8+ Kc7 29. Rd1 Na4 30. c3 Qb6 0-1

[Event "PNWCC Online blitz JP 2nd"]
[Site "Chess.com INT"]
[Date "2020.03.21"]
[Round "1"]
[White "Preotu, Razvan"]
[Black "Lin, Leo"]
[Result "1-0"]
[WhiteElo "2487"]
[BlackElo "1650"]
[PlyCount "107"]
[EventDate "2020.03.21"]
[EventType "swiss (blitz)"]
[EventRounds "11"]
[EventCountry "USA"]
[SourceTitle "CBM 195 Extra"]
[Source "ChessBase"]
[SourceDate "2020.05.31"]
[SourceVersion "1"]
[SourceVersionDate "2020.05.31"]
[SourceQuality "1"]

1. e3 c5 2. d4 d5 3. Nf3 Nf6 4. b3 cxd4 5. exd4 Nc6 6. Bd3 Bg4 7. Bb2 e6 8. a3 Bd6 9. Nbd2 Qc7 10. h3 Bh5 11. 0-0 0-0 12. c4 b6 13. Rc1 Bg6 14. Bxg6 hxg6 15. c5 bxc5 16. dxc5 Be5 17. Nxe5 Nxe5 18. Qe2 Nc6 19. b4 a6 20. Rfe1 Rfe8 21. Be5 Nxe5 22. Qxe5 Qxe5 23. Rxe5 Rec8 24. Re3 Rab8 25. Nb3 Rb7 26. Rec3 Ne4 27. R3c2 Rbc7 28. f3 Ng3 29. Kf2 Nf5 30. g4 Ne7 31. Na5 Nc6 32. Nxc6 Rxc6 33. a4 Rb8 34. Rb1 Kf8 35. b5 axb5 36. axb5 Rcc8 37. Ke3 Ke7 38. Kd4 Ra8 39. b6 Ra4+ 40. Kd3 Kd8 41. c6 Ra3+ 42. Ke2 d4 43. c7+ Kd7 44. Kd2 d3 45. Rc4 Ra2+ 46. Kxd3 Ra3+ 47. Ke2 Ra2+ 48. Kf1 Ra3 49. b7 Rxf3+ 50. Kg2 Rxc7 51. Rxc7+ Kxc7 52. b8Q+ Kd7 53. Rd1+ Ke7 54. Qd8# 1-0